000 00289nam a22001337a 4500
008 170602b xxu||||| |||| 00| 0 eng d
020 _a9780801499494
041 _aeng
080 _a94(100)
100 _a17
101 _aSHH
245 _aRIVAL CAPITALISTS
_cHART,J.A
942 _2udc
_cBK
999 _c15634
_d15634